|
|
|
|
| LEADER |
01013nam a2200265 4500 |
| 001 |
c000332274 |
| 003 |
CARM |
| 005 |
00000000000000.0 |
| 008 |
790104s1964 njuach b 00110aeng |
| 019 |
1 |
|
|a 1292234
|5 LACONCORD2021
|
| 035 |
|
|
|a (OCoLC)45666997
|5 LACONCORD2021
|
| 040 |
|
|
|c WaWW
|
| 050 |
0 |
0 |
|a E302.6.F7
|b A2 1964
|
| 100 |
1 |
|
|a Franklin, Benjamin,
|d 1706-1790.
|
| 245 |
0 |
4 |
|a The autobiography of Benjamin Franklin,
|c edited by Leonard W. Labaree [and others]
|
| 260 |
|
|
|a New Haven,
|b Yale University Press,
|c 1964.
|
| 300 |
|
|
|a 351 p.
|b col. ill., facsim., col. port.
|c 27 cm.
|
| 500 |
|
|
|a Includes index.
|
| 504 |
|
|
|a Bibliography: p. 323-325.
|
| 600 |
1 |
0 |
|a Franklin, Benjamin,
|d 1706-1790.
|
| 700 |
1 |
|
|a Labaree, Leonard Woods,
|d 1897-
|e ed.
|
| 852 |
8 |
|
|b CARM
|h A1:AO01B0
|i C09466
|p 0359295
|f BK
|
| 082 |
0 |
4 |
|a 923.273
|
| 999 |
f |
f |
|i d4dff541-df46-58a7-9944-98565e9f6f62
|s e48dcb77-4209-5276-85e8-bcda3d3c0927
|
| 952 |
f |
f |
|p Can circulate
|a CAVAL
|b CAVAL
|c CAVAL
|d CARM 1 Store
|e C09466
|f A1:AO01B0
|h Other scheme
|i book
|m 0359295
|